000 00449nam a2200157 4500
001 126661
003 ES-MaACL
005 20230906192845.0
007 t|
008 070214s1944 sp r ||||1| spa d
100 0 _aRévész, Andrés.
_996422
245 1 4 _aLos Balcanes
_b: avispero de Europa /
_cAndrés Révész.
260 _aMadrid :
_bFebo,
_c1944.
300 _a344 p. :
_bil. ;
_c20 cm +
_e12 maps.
852 _aES-MaACL
_jB-10395
_bR.22170
999 _c126661
_d126661